I grew up to be president / (Record no. 6798)

MARC details
000 -LEADER
fixed length control field 00862nam a22002417a 4500
001 - CONTROL NUMBER
control field 6798
003 - CONTROL NUMBER IDENTIFIER
control field FISKH
005 - DATE AND TIME OF LATEST TRANSACTION
control field 20250528151259.0
008 - FIXED-LENGTH DATA ELEMENTS--GENERAL INFORMATION
fixed length control field 250528b cb ||||| |||| 00| 0 eng d
020 ## - INTERNATIONAL STANDARD BOOK NUMBER
International Standard Book Number 9780545331524
040 ## - CATALOGING SOURCE
Original cataloging agency FISKH
Language of cataloging eng
Transcribing agency FISKH
Modifying agency FISKH
050 ## - LIBRARY OF CONGRESS CALL NUMBER
Classification number E176 .C14
082 ## - DEWEY DECIMAL CLASSIFICATION NUMBER
Classification number 973.099
100 ## - MAIN ENTRY--PERSONAL NAME
Personal name Calkhoven, Laurie
245 ## - TITLE STATEMENT
Title I grew up to be president /
Statement of responsibility, etc. Laurie Calkhoven ; illustrated by Rebecca Zonchek
260 ## - PUBLICATION, DISTRIBUTION, ETC.
Place of publication, distribution, etc. New York :
Name of publisher, distributor, etc. Scholastic,
Date of publication, distribution, etc. 2011.
300 ## - PHYSICAL DESCRIPTION
Extent 96 pages :
Other physical details color illustrations ;
Dimensions 28 cm
520 ## - SUMMARY, ETC.
Summary, etc. An introduction to the presidents of the United States describes each president's childhood, career, achievements while in office, and life after the White House.
650 ## - SUBJECT ADDED ENTRY--TOPICAL TERM
Topical term or geographic name entry element American Presidents
Form subdivision President's Day
700 ## - ADDED ENTRY--PERSONAL NAME
Personal name Zonchek, Rebecca
Relator term illustrator
942 ## - ADDED ENTRY ELEMENTS (KOHA)
Source of classification or shelving scheme Dewey Decimal Classification
Koha item type Books
Suppress in OPAC No
Holdings
Withdrawn status Lost status Source of classification or shelving scheme Damaged status Not for loan Collection Home library Current library Shelving location Date acquired Total Checkouts Full call number Barcode Date last seen Copy number Price effective from Koha item type
    Dewey Decimal Classification     Non-Fiction Footprints International School Library Network Toul Kork Campus Footprints International School Library Network Toul Kork Campus A TK Campus, 4th Floor, Room B401, Non-Fiction Bookcases(7-8) 05/28/2025   CAL 973.099 E176 .C14 FISTK02574 05/28/2025 1 05/28/2025 Books